000 00731nam a2200253Ia 4500
003 OSt
005 20220928104718.0
006 a|||||r|||| 00| 0
007 ta
008 220927b |||||||| |||| 00| 0 eng d
020 _c695
024 _a107380
037 _b08, 25/01/2010, Sunrise Books
_cTextual
040 _aSDCL
_cSDCL
_beng
041 _2eng
_aeng
082 _aV2:24'P, Q0
100 _aKaviraj Sudipta
245 0 _aImaginary institution of India
_b Politics and ideas.
260 _aNew Delhi
_bPermanent Black
_c2010
300 _a299p
_ccm.
650 _aPolitical Science
942 _hV2:24'P, Q0
_cTEXL
_2CC
999 _c727350
_d727350